[Event "Roncana op-C 5th"]
[Site "Santa Eulalia de Roncana"]
[Date "2011.10.01"]
[Round "1"]
[White "Cespedes Llaverias, Llibert"]
[Black "Castillo Valles, Jordi"]
[Result "1-0"]
[WhiteElo "1755"]
[BlackElo "1700"]
[PlyCount "131"]
[EventDate "2011.10.01"]
[EventType "swiss"]
[EventRounds "8"]
[EventCountry "ESP"]
[SourceTitle "EXT 2013"]
[Source "ChessBase"]
[SourceDate "2012.11.22"]
[SourceVersion "1"]
[SourceVersionDate "2012.11.22"]
[SourceQuality "1"]

1. e4 e5 2. Nf3 Nc6 3. d4 d6 4. d5 Na5 5. b4 g6 6. bxa5 Nf6 7. Bb2 Bg7 8. Bc4 0-0 9. Nc3 Bg4 10. 0-0 a6 11. h3 b5 12. axb6 Bd7 13. b7 Rb8 14. Bxa6 c6 15. dxc6 Bxc6 16. Re1 Bxb7 17. Bxb7 Rxb7 18. Ba3 Rc7 19. Bb4 Rb7 20. a3 Re8 21. Nd5 Nxd5 22. Qxd5 Ra7 23. Bxd6 Ra6 24. Bb4 Qxd5 25. exd5 e4 26. g3 Bxa1 27. c3 Bxc3 28. Bxc3 Rxa3 29. Re3 Rxc3 30. Rxc3 exf3 31. Rxf3 Rd8 32. Rd3 Kf8 33. d6 Ke8 34. Kg2 f5 35. g4 fxg4 36. hxg4 h5 37. gxh5 gxh5 38. Re3+ Kd7 39. Rd3 Rg8+ 40. Rg3 Rh8 41. Rg6 h4 42. Kh3 Ke8 43. Re6+ Kd7 44. Rf6 Ke8 45. Rg6 Kf7 46. Rg5 Kf6 47. Rd5 Ke6 48. Rd1 Kf5 49. d7 Rd8 50. Kxh4 Kf4 51. Kh5 Kf3 52. Kg6 Kxf2 53. Kf7 Ke2 54. Ke7 Rxd7+ 55. Rxd7 Ke3 56. Ra7 Ke4 57. Ra5 Kd4 58. Kd6 Kc4 59. Kc6 Kb4 60. Rh5 Kc3 61. Rh4 Kd3 62. Kd5 Ke2 63. Rh3 Kf2 64. Ke4 Kg1 65. Kf3 Kf1 66. Rh1# 1-0